| 000 | 00364nam a2200121Ia 4500 | ||
|---|---|---|---|
| 008 | 250110s9999 xx 000 0 und d | ||
| 041 | _aeng | ||
| 100 |
_aShah Gunjan _9182596 |
||
| 245 | _aSpecial Needs Centre For Children With Development Disability Pune | ||
| 260 |
_bFinal Year B. Arch, BNCA _c2014 |
||
| 300 | _a105p | ||
| 700 |
_aGuide Name:Kanhere G k _9210271 |
||
| 999 |
_c363463 _d363463 |
||